Govt. of
Madhya Pradesh

The Great Epics of Ancient India (Record no. 6679)

MARC details
000 -LEADER
fixed length control field 004470000a22001810004500
003 - CONTROL NUMBER IDENTIFIER
control field MACL
005 - DATE AND TIME OF LATEST TRANSACTION
control field 20151023134448.0
008 - FIXED-LENGTH DATA ELEMENTS--GENERAL INFORMATION
fixed length control field 151023b xxu||||| |||| 00| 0 eng d
040 ## - CATALOGING SOURCE
Original cataloging agency MACL
Transcribing agency MACL
041 ## - LANGUAGE CODE
Language code of text/sound track or separate title English
082 ## - DEWEY DECIMAL CLASSIFICATION NUMBER
Classification number 934/MUL
100 ## - MAIN ENTRY--PERSONAL NAME
Personal name Dutt, C Romesh
9 (RLIN) 16377
245 ## - TITLE STATEMENT
Title The Great Epics of Ancient India
260 ## - PUBLICATION, DISTRIBUTION, ETC. (IMPRINT)
Name of publisher, distributor, etc. Ess Ess Publications
Date of publication, distribution, etc. 1976
Place of publication, distribution, etc. New Delhi
350 ## - PRICE (NR) (BK AM CF MU VM SE) [OBSOLETE]
Price 80
650 ## - SUBJECT ADDED ENTRY--TOPICAL TERM
Topical term or geographic name as entry element History
9 (RLIN) 16378
942 ## - ADDED ENTRY ELEMENTS (KOHA)
Koha item type Books
Call number prefix 934
Source of classification or shelving scheme
Holdings
Withdrawn status Lost status Source of classification or shelving scheme Damaged status Not for loan Home library Current library Date acquired Cost, normal purchase price Total Checkouts Full call number Barcode Date last seen Uniform Resource Identifier Price effective from Koha item type
          MACL MACL 15/04/2015 80.00   934/MUL CRE002868 02/05/2024 6616 15/04/2015 Books